000 03095nam0a2200409 4500
001 RU\NLR\BIBL_A\012161631
005 20200131172116.0
010 _a978-5-7810-1870-3
_970
021 _aRU
_bКН-П-19-084899
_9КН-П-19-6175
035 _a(NLR Aleph) 012161631
035 _a(RuMoRGB)010152309
090 _a12193357
_c12193357
100 _a20191211d2019 k y0rusy50 ca
101 0 _arus
_ager
_aslo
_aeng
102 _aRU
105 _ay|||z|||110zy
200 1 _aОт дифференциации наук - к трансдисциплинарности
_eматериалы Всероссийской научно-практической конференции с международным участием, посвященной 250-летию Александра фон Гумбольдта (Абакан, 25-27 сентября 2019 г.)
_fМинистерство науки и высшего образования Российской Федерации, Федеральное государственное бюджетное образовательное учреждение высшего образования "Хакасский государственный университет им. Н. Ф. Катанова", Институт филологии и межкультурной коммуникации
_g[редакционная коллегия: И. П. Амзаракова, д-р филол. наук, профессор (отв. редактор) и др.]
210 _aАбакан
_cИзд-во ФГБОУ ВО "Хакасский государственный университет им. Н.Ф. Катанова"
_d2019
215 _a231 с.
_d21
300 _aТекст рус., нем., словац., англ.
320 _aБиблиогр. в конце ст.
600 1 _aГумбольдт
_bА.
_gАлександр фон
_f1769 - 1859
_2nlr_sh2
_3RU\NLR\AUTH\6601580849
606 1 _aФилология
_jСъезды, совещания и т.п
_2nlr_sh2
_3RU\NLR\AUTH\6619068
686 1 _aД8д(3)Гумбольдт
686 1 _aБ.д(4Г)Гумбольдт
686 1 _aШ.я434
702 1 _aАмзаракова
_bИ. П.
_gИрина Петровна
_4340
702 1 _aГумбольдт
_bА. фон
_f1769-1859
_gАлександр фон
_3RU\NLR\AUTH\7779374
_4570
711 1 2 _a"От дифференциации наук - к трансдисциплинарности", всероссийская научно-практическая конференция с международным участием
_f2019
_eАбакан
_3RU\NLR\AUTH\880513651
712 0 2 _aХакасский государственный университет им. Н. Ф. Катанова
_cАбакан
_bИнститут филологии и межкультурной коммуникации
_3RU\NLR\AUTH\8810224035
_4570
942 _cBOOK
980 _aNBR
980 _aNB